| 000 | 00431nam a2200169Ia 4500 | ||
|---|---|---|---|
| 008 | 241115s9999 xx 000 0 und d | ||
| 020 | _aNA | ||
| 082 | _a681.2 CAR | ||
| 100 | _aCarstens, James R. | ||
| 245 | 0 | _aElectrical Sensors and Transducers | |
| 250 | _a.NA | ||
| 260 |
_aNew Jersey: _bPrentice Hall, _c1993 |
||
| 300 | _ax,498p. | ||
| 600 | _aElectrical Engineering | ||
| 650 | _aElectrical Engineering | ||
| 942 | _cBBD | ||
| 999 |
_c25172 _d25172 |
||